| 000 | 00332nam a2200133Ia 4500 | ||
|---|---|---|---|
| 008 | 231129s1960||||xx |||||||||||||| ||spa|| | ||
| 040 | _bspa | ||
| 082 | _a920.7246 N127c | ||
| 100 | _aNadal Santiago | ||
| 245 | 0 | _aLas cuatro mujeres de Felipe II | |
| 260 | _c1960 | ||
| 264 | _aBarcelona (EspaƱa) : Juventud | ||
| 942 |
_2ddc _cBKS |
||
| 999 |
_c18688 _d18688 |
||